[Event "Kragero Resort Chess A 2019"]
[Site "Kragero"]
[Date "2019.02.22"]
[Round "5.17"]
[White "Skotheim, Andreas"]
[Black "Hauge, Lars Oskar"]
[Result "0-1"]
[WhiteElo "2168"]
[BlackElo "2476"]
[Annotator "RC"]
[PlyCount "112"]
[EventDate "2019.02.20"]
[EventType "swiss"]
[EventCountry "NOR"]
[SourceTitle "playchess.com"]
[Source "ChessBase"]
[SourceQuality "1"]
[TimeControl "5400+30"]

1. c4 {[%emt 0:00:00]} e6 {[%emt 0:00:00]} 2. g3 {[%emt 0:00:46]} f5 {[%emt 0:00:00]} 3. Bg2 {[%emt 0:00:19]} Nf6 {[%emt 0:00:00]} 4. Nf3 {[%emt 0:00:35]} g6 {[%emt 0:01:22]} 5. d4 {[%emt 0:01:21]} Bg7 {[%emt 0:00:25]} 6. Nc3 {[%emt 0:01:08]} O-O {[%emt 0:00:40]} 7. Qd3 {[%emt 0:06:02]} Nc6 {[%emt 0:03:00]} 8. O-O {[%emt 0:03:48]} d6 {[%emt 0:00:23]} 9. Rd1 {[%emt 0:02:24]} Qe8 {[%emt 0:00:51]} 10. e4 {[%emt 0:09:23]} e5 {[%emt 0:00:32]} 11. dxe5 {[%emt 0:00:37]} dxe5 {[%emt 0:00:22]} 12. Nd5 {[%emt 0:04:20]} fxe4 {[%emt 0:02:01]} 13. Nxf6+ {[%emt 0:00:27]} Bxf6 {[%emt 0:00:06]} 14. Qxe4 {[%emt 0:00:07]} Bf5 {[%emt 0:00:28]} 15. Qd5+ {[%emt 0:00:50]} Kg7 {[%emt 0:00:08]} 16. Bg5 {[%emt 0:07:55]} Qe7 {[%emt 0:00:10]} 17. Qd2 {[%emt 0:04:39]} e4 {[%emt 0:32:20]} 18. Bxf6+ {[%emt 0:08:01]} Qxf6 {[%emt 0:00:21]} 19. Ng5 {[%emt 0:01:04]} Rae8 {[%emt 0:00:52]} 20. h4 {[%emt 0:08:08]} h6 {[%emt 0:05:32]} 21. Nh3 {[%emt 0:00:13]} Bg4 {[%emt 0:02:18]} 22. Re1 {[%emt 0:04:25]} Bxh3 {[%emt 0:02:44]} 23. Bxh3 {[%emt 0:00:11]} Rd8 {[%emt 0:00:14]} 24. Qc3 {[%emt 0:02:01]} Nd4 {[%emt 0:02:04]} 25. Kh1 {[%emt 0:07:34]} Rfe8 {[%emt 0:01:38]} 26. Bg2 {[%emt 0:01:44]} Qf5 {[%emt 0:01:43]} 27. c5 {[%emt 0:00:52]} Qxf2 {[%emt 0:05:21]} 28. Bxe4 {[%emt 0:02:25]} Qf6 {[%emt 0:01:36]} 29. Bg2 {[%emt 0:00:49]} Nf5 {[%emt 0:00:33]} 30. Rxe8 {[%emt 0:07:17]} Rxe8 {[%emt 0:02:20]} 31. Rd1 {[%emt 0:00:28]} Qxc3 {[%emt 0:01:10]} 32. bxc3 {[%emt 0:01:57]} c6 {[%emt 0:01:10]} 33. Bh3 {[%emt 0:02:13]} Nxg3+ {[%emt 0:02:19]} 34. Kg2 {[%emt 0:00:25]} Ne2 {[%emt 0:03:51]} 35. Rd7+ {[%emt 0:00:24]} Kf6 {[%emt 0:00:05]} 36. Rxb7 {[%emt 0:00:29]} Nf4+ {[%emt 0:02:34]} 37. Kg3 {[%emt 0:00:12]} Re3+ {[%emt 0:00:24]} 38. Kxf4 {[%emt 0:00:29]} Rxh3 {[%emt 0:02:59]} 39. Kg4 {[%emt 0:00:32]} Rxc3 {[%emt 0:00:13]} 40. h5 {[%emt 0:02:45]} a5 {[%emt 0:03:23]} 41. hxg6 {[%emt 0:02:18]} Kxg6 {[%emt 0:00:39]} 42. Kf4 {[%emt 0:01:17]} Rxc5 {[%emt 0:00:10]} 43. Rb8 {[%emt 0:01:08]} Rc4+ {[%emt 0:01:16]} 44. Ke5 {[%emt 0:00:11]} Kg5 {[%emt 0:00:31]} 45. Rg8+ {[%emt 0:01:03]} Kh4 {[%emt 0:00:12]} 46. Rg1 {[%emt 0:00:15]} h5 {[%emt 0:00:20]} 47. Kf5 {[%emt 0:00:54]} Kh3 {[%emt 0:00:22]} 48. a4 {[%emt 0:01:09]} Kh2 {[%emt 0:01:05]} 49. Rg6 {[%emt 0:00:19]} h4 {[%emt 0:00:09]} 50. Ke5 {[%emt 0:01:17]} h3 {[%emt 0:00:33]} 51. Rd6 {[%emt 0:00:08]} Kg3 {[%emt 0:00:34]} 52. Rd3+ {[%emt 0:00:25]} Kg4 {[%emt 0:00:07]} 53. Rd2 {[%emt 0:00:08]} Rxa4 {[%emt 0:00:06]} 54. Rc2 {[%emt 0:00:35]} Ra3 {[%emt 0:00:49]} 55. Rxc6 {[%emt 0:00:29]} h2 {[%emt 0:00:07]} 56. Rg6+ {[%emt 0:00:30]} Kf3 {[%emt 0:00:08]} 0-1

[Event "Kragero Resort Chess A 2019"]
[Site "Kragero"]
[Date "2019.02.22"]
[Round "5.18"]
[White "Abdrlauf, Elham"]
[Black "Thorfinnsson, Bragi"]
[Result "0-1"]
[WhiteElo "2105"]
[BlackElo "2438"]
[Annotator "TA"]
[PlyCount "48"]
[EventDate "2019.02.20"]
[EventType "swiss"]
[EventCountry "NOR"]
[SourceTitle "playchess.com"]
[Source "ChessBase"]
[SourceQuality "1"]

{[%evp 12,48,50,54,59,53,67,72,66,-25,-35,-44,-39,-51,-23,-44,-31,-35,-24,-37,81,-128,-131,-123,-125,-189,-180,-292,-286,-411,-414,-431,-406,-562,-562,-991,-983,-1182,-1173]} 1. e4 c5 2. Nf3 e6 3. c3 Nf6 4. e5 Nd5 5. Bc4 Nb6 6. Bb3 c4 7. Bc2 Nc6 {B22: Sicilian: 2 c3} 8. O-O g5 9. Qe2 Bg7 {White is better.} 10. d4 $146 (10. Na3 $14) ({Predecessor:} 10. Qe4 d5 11. exd6 f5 12. Qe2 g4 13. Ne1 O-O 14. Na3 e5 15. Nxc4 Nxc4 16. Qxc4+ {0-1 (30) Palac,M (2570)-Kozul,Z (2597) Bizovac 2000}) 10... cxd3 $1 $11 11. Bxd3 g4 12. Ng5 Nxe5 {[#] And now ...f5 would win.} 13. Bc2 $1 h6 14. f4 hxg5 15. fxe5 Qe7 {[#]} (15... d5 $15 {keeps the upper hand.}) 16. b4 $2 (16. g3 $1 $16) 16... Nd5 $36 {[%mdl 2048] Keeping White busy.} 17. g3 a5 18. Na3 (18. b5 $17 {was called for.}) 18... b6 $19 ({Don't do} 18... axb4 19. Nc4 $17) 19. Qxg4 (19. Nc4 $142 Ba6 20. Bd2) 19... Bxe5 {[%cal Ra5b4]} (19... axb4 20. Nc4 $17) 20. Nc4 (20. Bxg5 $142 Rg8 21. Bxe7 Rxg4 22. Bd1) 20... Bxc3 21. Bxg5 f6 22. Bg6+ Kd8 {Black is clearly winning.} 23. Rab1 axb4 ({Weaker is} 23... fxg5 24. Rf7 $17) 24. Bh4 Rxa2 {Accuracy: White = 36%, Black = 69%.} 0-1

[Event "Kragero Resort Chess A 2019"]
[Site "Kragero"]
[Date "2019.02.22"]
[Round "5.19"]
[White "Ingebretsen, Jens E"]
[Black "Holand, Per Fredrik"]
[Result "1-0"]
[WhiteElo "2297"]
[BlackElo "2024"]
[Annotator "NA"]
[PlyCount "63"]
[EventDate "2019.02.20"]
[EventType "swiss"]
[EventCountry "NOR"]
[SourceTitle "playchess.com"]
[Source "ChessBase"]
[SourceQuality "1"]
[TimeControl "5400+30"]

1. c4 {[%emt 0:00:31]} Nf6 {[%emt 0:00:40]} 2. Nc3 {[%emt 0:00:09]} e6 {[%emt 0:00:17]} 3. e4 {[%emt 0:00:04]} d5 {[%emt 0:01:23]} 4. e5 {[%emt 0:00:04]} Nfd7 {[%emt 0:00:52]} 5. d4 {[%emt 0:01:52]} dxc4 {[%emt 0:01:13]} 6. Bxc4 {[%emt 0:02:18]} Nb6 {[%emt 0:01:26]} 7. Bd3 {[%emt 0:00:55]} c5 {[%emt 0:02:54]} 8. Nf3 {[%emt 0:01:02]} Nc6 {[%emt 0:00:22]} 9. dxc5 {[%emt 0:03:11]} Nd7 {[%emt 0:04:16]} 10. O-O {[%emt 0:02:52]} Nxc5 {[%emt 0:01:29]} 11. Bb5 {[%emt 0:00:54]} Qxd1 {[%emt 0:07:11]} 12. Rxd1 {[%emt 0:00:09]} Bd7 {[%emt 0:00:32]} 13. Be3 {[%emt 0:01:02]} a6 {[%emt 0:14:21]} 14. Bf1 {[%emt 0:07:13]} Be7 {[%emt 0:00:55]} 15. Rac1 {[%emt 0:03:14]} Rd8 {[%emt 0:08:48]} 16. Nd5 {[%emt 0:00:58]} exd5 {[%emt 0:01:13]} 17. Bxc5 {[%emt 0:00:51]} Bg4 {[%emt 0:02:56]} 18. Bb6 {[%emt 0:02:17]} Rc8 {[%emt 0:07:26]} 19. Rxd5 {[%emt 0:00:24]} Be6 {[%emt 0:00:32]} 20. Rdd1 {[%emt 0:01:28]} Bxa2 {[%emt 0:06:28]} 21. Nd4 {[%emt 0:00:16]} Bg5 {[%emt 0:14:50]} 22. Rc3 {[%emt 0:00:20]} O-O {[%emt 0:00:29]} 23. Nxc6 {[%emt 0:00:31]} Rxc6 {[%emt 0:00:30]} 24. Rxc6 {[%emt 0:00:11]} bxc6 {[%emt 0:00:07]} 25. Bxa6 {[%emt 0:00:23]} Re8 {[%emt 0:01:54]} 26. Bc7 {[%emt 0:00:48]} Bd5 {[%emt 0:00:30]} 27. b4 {[%emt 0:00:46]} Bf4 {[%emt 0:00:47]} 28. b5 {[%emt 0:04:30]} Bc4 {[%emt 0:03:46]} 29. Rd4 {[%emt 0:03:34]} Bxb5 {[%emt 0:02:26]} 30. Bxb5 {[%emt 0:00:14]} cxb5 {[%emt 0:00:19]} 31. Rxf4 {[%emt 0:00:07]} g5 {[%emt 0:00:09]} 32. Rd4 {[%emt 0:00:22]} 1-0

[Event "Kragero Resort Chess A 2019"]
[Site "Kragero"]
[Date "2019.02.22"]
[Round "5.20"]
[White "Birkisson, Bjorn Holm"]
[Black "Mashinskaya, Iulia"]
[Result "1-0"]
[WhiteElo "2078"]
[BlackElo "2261"]
[Annotator "NA"]
[PlyCount "119"]
[EventDate "2019.02.20"]
[EventType "swiss"]
[EventCountry "NOR"]
[SourceTitle "playchess.com"]
[Source "ChessBase"]
[SourceQuality "1"]
[TimeControl "5400+30"]

1. c4 {[%emt 0:01:55]} e5 {[%emt 0:00:35]} 2. g3 {[%emt 0:00:11]} Nf6 {[%emt 0:09:28]} 3. Nc3 {[%emt 0:01:06]} d6 {[%emt 0:00:47]} 4. Bg2 {[%emt 0:00:27]} g6 {[%emt 0:01:49]} 5. e4 {[%emt 0:06:47]} Bg7 {[%emt 0:01:24]} 6. Nge2 {[%emt 0:01:15]} O-O {[%emt 0:01:46]} 7. d4 {[%emt 0:03:52]} exd4 {[%emt 0:09:54]} 8. Nxd4 {[%emt 0:01:10]} Bg4 {[%emt 0:09:15] E72: King's Indian: 4 e4 d6 5 g3} (8... Nc6 9. Nxc6 bxc6 10. O-O Nd7 11. Qc2 Qf6 12. Ne2 Nc5 13. Rb1 a5 14. b3 Qe7 15. Be3 f5 16. Bxc5 dxc5 17. e5 Qxe5 18. Bxc6 Ra6 19. Bd5+ Kh8 {½-½ (75) Abasov,N (2575)-Bogdanovich,S (2593) Istanbul 2017}) 9. f3 $146 {[%emt 0:11:16]} ({Predecessor:} 9. Qb3 Na6 10. h3 Nc5 11. Qc2 Be6 12. Nxe6 fxe6 13. Be3 Ncd7 14. O-O e5 15. Rad1 Qe7 16. c5 Nxc5 17. Bxc5 dxc5 {½-½ (59) Lorum,K-Heyen,M Germany 1998}) 9... Bd7 {[%emt 0:00:52]} 10. O-O {[%emt 0:01:52]} Nc6 {[%emt 0:02:27]} 11. Be3 {[%emt 0:06:50]} Qc8 {[%emt 0:07:34]} 12. Nd5 {[%emt 0:02:20]} Nxd5 {[%emt 0:02:19]} 13. cxd5 {[%emt 0:00:31]} Ne5 {[%emt 0:01:07]} 14. Rc1 {[%emt 0:00:42]} Qd8 {[%emt 0:04:04]} 15. h3 {[%emt 0:02:54]} c5 {[%emt 0:04:04]} 16. dxc6 {[%emt 0:01:37]} Nxc6 {[%emt 0:00:14]} 17. b3 {[%emt 0:04:18]} Qa5 {[%emt 0:03:49]} 18. Rf2 {[%emt 0:08:56]} Nxd4 {[%emt 0:02:08]} 19. Bxd4 {[%emt 0:00:16]} Bxd4 {[%emt 0:00:31]} 20. Qxd4 {[%emt 0:00:11]} Qe5 {[%emt 0:00:34]} 21. Qxe5 {[%emt 0:00:55]} dxe5 {[%emt 0:00:02]} 22. f4 {[%emt 0:06:26]} exf4 {[%emt 0:02:36]} 23. gxf4 {[%emt 0:01:19]} Bc6 {[%emt 0:03:27]} 24. e5 {[%emt 0:00:14]} Bxg2 {[%emt 0:02:34]} 25. Kxg2 {[%emt 0:00:23]} Rac8 {[%emt 0:01:05]} 26. Rfc2 {[%emt 0:00:59]} Rcd8 {[%emt 0:09:06]} 27. Rc7 {[%emt 0:03:32]} Rd2+ {[%emt 0:00:09]} 28. Kf3 {[%emt 0:02:36]} Rfd8 {[%emt 0:09:04]} 29. R1c3 {[%emt 0:09:45]} Rxa2 {[%emt 0:02:25]} 30. Rxb7 {[%emt 0:00:15]} Rd1 {[%emt 0:03:50]} 31. Rc8+ {[%emt 0:00:38]} Kg7 {[%emt 0:00:01]} 32. Rcc7 {[%emt 0:03:14]} Rf1+ $18 {[%emt 0:02:24]} 33. Kg3 {[%emt 0:00:33]} Rg1+ {[%emt 0:01:12]} 34. Kh4 {[%emt 0:00:13]} g5+ {[%emt 0:03:30]} 35. fxg5 {[%emt 0:05:41]} Rf2 {[%emt 0:00:14]} 36. e6 {[%emt 0:00:05]} Re1 {[%emt 0:00:59]} 37. Rxf7+ {[%emt 0:00:10]} Rxf7 {[%emt 0:00:03]} 38. Rxf7+ {[%emt 0:00:08]} Kg6 {[%emt 0:00:05]} 39. Rf6+ {[%emt 0:00:30]} Kg7 {[%emt 0:00:01]} 40. Kh5 {[%emt 0:00:30]} Re3 {[%emt 0:00:22]} 41. h4 {[%emt 0:00:05]} Rxb3 {[%emt 0:00:26]} 42. Rf7+ {[%emt 0:00:21]} Kg8 {[%emt 0:00:04]} 43. Rxa7 {[%emt 0:00:40]} Re3 {[%emt 0:00:12]} 44. Re7 {[%emt 0:00:43]} Kf8 {[%emt 0:00:24]} 45. Rf7+ {[%emt 0:00:06]} Kg8 {[%emt 0:00:13]} 46. Rf6 {[%emt 0:00:19]} Re4 {[%emt 0:00:12]} 47. g6 {[%emt 0:00:34]} hxg6+ {[%emt 0:01:05]} 48. Kxg6 {[%emt 0:00:06]} Re5 {[%emt 0:02:13]} 49. h5 {[%emt 0:00:12]} Re1 {[%emt 0:00:17]} 50. h6 {[%emt 0:00:32]} Rg1+ {[%emt 0:00:09]} 51. Kf5 {[%emt 0:00:06]} Rf1+ {[%emt 0:00:06]} 52. Ke5 {[%emt 0:00:04]} Re1+ {[%emt 0:00:19]} 53. Kd6 {[%emt 0:00:05]} Rd1+ {[%emt 0:00:07]} 54. Ke7 {[%emt 0:00:17]} Ra1 {[%emt 0:00:39]} 55. Rf8+ {[%emt 0:00:38]} Kh7 {[%emt 0:00:06]} 56. Kf7 {[%emt 0:00:18]} Rf1+ {[%emt 0:00:21]} 57. Ke8 {[%emt 0:00:04]} Re1 {[%emt 0:00:15]} 58. e7 {[%emt 0:00:07]} Kxh6 {[%emt 0:00:24]} 59. Rf7 {[%emt 0:00:16]} Rg1 {[%emt 0:01:27]} 60. Kf8 {[%emt 0:00:18]} 1-0

[Event "Kragero Resort Chess A 2019"]
[Site "Kragero"]
[Date "2019.02.22"]
[Round "5.21"]
[White "Holleland, Sigve"]
[Black "Fossum, Oystein Boyum"]
[Result "0-1"]
[WhiteElo "2009"]
[BlackElo "2250"]
[Annotator "ChessBase"]
[PlyCount "81"]
[EventDate "2019.02.20"]
[EventType "swiss"]
[EventCountry "NOR"]
[SourceTitle "playchess.com"]
[Source "ChessBase"]
[SourceQuality "1"]
[TimeControl "5400+30"]

1. c4 {[%emt 0:01:02]} e5 {[%emt 0:00:30]} 2. Nc3 {[%emt 0:00:10]} Nc6 {[%emt 0:00:57]} 3. g3 {[%emt 0:00:13]} f5 {[%emt 0:00:59]} 4. Bg2 {[%emt 0:02:25]} Nf6 {[%emt 0:00:16]} 5. e3 {[%emt 0:02:10]} g6 {[%emt 0:00:42]} 6. d4 {[%emt 0:01:38]} e4 {[%emt 0:05:08]} 7. f3 {[%emt 0:03:51]} exf3 {[%emt 0:03:24]} 8. Nxf3 {[%emt 0:00:44]} d6 {[%emt 0:03:51]} 9. O-O {[%emt 0:07:35]} Bg7 {[%emt 0:01:05]} 10. b4 {[%emt 0:05:23]} O-O {[%emt 0:03:16]} 11. Rb1 {[%emt 0:01:24]} Qe7 {[%emt 0:12:24]} 12. Re1 {[%emt 0:16:56]} Bd7 {[%emt 0:03:06]} 13. b5 {[%emt 0:03:13]} Na5 {[%emt 0:05:39]} 14. Qa4 {[%emt 0:07:10]} b6 {[%emt 0:01:19]} 15. Ng5 {[%emt 0:12:51]} Rac8 {[%emt 0:05:41]} 16. Nh3 {[%emt 0:11:45]} c6 {[%emt 0:06:31]} 17. Qb4 {[%emt 0:00:50]} c5 {[%emt 0:02:39]} 18. Nd5 {[%emt 0:02:15]} Nxd5 {[%emt 0:01:38]} 19. Bxd5+ {[%emt 0:00:05]} Be6 {[%emt 0:01:07]} 20. dxc5 {[%emt 0:01:05]} Rxc5 {[%emt 0:03:40]} 21. e4 {[%emt 0:04:07]} Bxd5 {[%emt 0:16:26]} 22. exd5 {[%emt 0:00:35]} Bd4+ {[%emt 0:01:19]} 23. Kg2 {[%emt 0:00:58]} Qb7 {[%emt 0:00:23]} 24. Nf4 {[%emt 0:02:29]} Rxc4 {[%emt 0:00:18]} 25. Qxd6 {[%emt 0:00:33]} Bc5 {[%emt 0:02:48]} 26. Qe6+ {[%emt 0:02:57]} Qf7 {[%emt 0:00:51]} 27. Bb2 {[%emt 0:04:32]} Bd4 {[%emt 0:07:31]} 28. Bxd4 {[%emt 0:02:27]} Rxd4 {[%emt 0:00:03]} 29. Rbc1 {[%emt 0:00:52]} Nc4 {[%emt 0:02:11]} 30. Qc6 {[%emt 0:01:03]} Na5 {[%emt 0:01:17]} 31. Qe6 {[%emt 0:01:02]} Nc4 {[%emt 0:01:33]} 32. Qc6 {[%emt 0:00:08]} Na5 {[%emt 0:00:09]} 33. Qc3 {[%emt 0:00:59]} Re4 {[%emt 0:01:25]} 34. Ne6 {[%emt 0:00:13]} Rc4 {[%emt 0:00:54]} 35. Qe5 {[%emt 0:01:09]} Rfc8 {[%emt 0:00:29]} 36. Rcd1 {[%emt 0:00:31]} Rc2+ {[%emt 0:00:33]} 37. Kg1 {[%emt 0:00:12]} Qd7 {[%emt 0:02:12]} 38. a4 {[%emt 0:00:51]} Nc4 {[%emt 0:00:45]} 39. Qd4 {[%emt 0:00:31]} Nd6 {[%emt 0:01:36]} 40. Ng5 {[%emt 0:00:25]} h6 {[%emt 0:00:52]} 41. Qf6 {[%emt 0:00:43]} 0-1

[Event "Kragero Resort Chess A 2019"]
[Site "Kragero"]
[Date "2019.02.22"]
[Round "5.22"]
[White "Gudmundsson, Bjorgvin S"]
[Black "Lund, Gunnar"]
[Result "0-1"]
[WhiteElo "1941"]
[BlackElo "2211"]
[Annotator "NA"]
[PlyCount "80"]
[EventDate "2019.02.20"]
[EventType "swiss"]
[EventCountry "NOR"]
[SourceTitle "playchess.com"]
[Source "ChessBase"]
[SourceQuality "1"]
[TimeControl "5400+30"]

1. d4 {[%emt 0:00:00]} d6 {[%emt 0:00:00]} 2. Nf3 {[%emt 0:00:22]} g6 {[%emt 0:00:00]} 3. c4 {[%emt 0:00:06]} Bg7 {[%emt 0:00:00]} 4. Nc3 {[%emt 0:00:05]} Nd7 {[%emt 0:00:08]} 5. b3 {[%emt 0:09:33]} e5 {[%emt 0:02:50]} 6. e3 {[%emt 0:00:15]} Ne7 {[%emt 0:00:48]} 7. Be2 {[%emt 0:00:38]} O-O {[%emt 0:00:20]} 8. dxe5 {[%emt 0:01:57]} dxe5 {[%emt 0:10:19]} 9. Bb2 {[%emt 0:00:23]} b6 {[%emt 0:09:59]} 10. O-O {[%emt 0:01:02]} Bb7 {[%emt 0:00:03]} 11. Qc2 {[%emt 0:07:47]} Qc8 {[%emt 0:08:09]} 12. Rad1 {[%emt 0:04:45]} Re8 {[%emt 0:00:47]} 13. Rd2 {[%emt 0:05:59]} Nf5 {[%emt 0:01:54]} 14. Rfd1 {[%emt 0:05:25]} Nf8 {[%emt 0:00:06]} 15. Ne4 {[%emt 0:03:09]} c5 {[%emt 0:08:24]} 16. g4 {[%emt 0:23:10]} Nxe3 {[%emt 0:08:02]} 17. fxe3 {[%emt 0:07:26]} Qxg4+ {[%emt 0:02:02]} 18. Kf2 {[%emt 0:02:36]} Qxe4 {[%emt 0:05:37]} 19. Qxe4 {[%emt 0:03:12]} Bxe4 {[%emt 0:01:16]} 20. Ng5 {[%emt 0:00:22]} Bb7 {[%emt 0:00:54]} 21. Rd6 {[%emt 0:00:51]} f6 {[%emt 0:01:58]} 22. Nf3 {[%emt 0:01:20]} Kf7 {[%emt 0:00:57]} 23. b4 {[%emt 0:00:57]} cxb4 {[%emt 0:04:10]} 24. c5 {[%emt 0:00:23]} bxc5 {[%emt 0:04:41]} 25. Bb5 {[%emt 0:00:42]} Reb8 {[%emt 0:00:46]} 26. e4 {[%emt 0:13:18]} Kg8 {[%emt 0:02:16]} 27. Bxe5 {[%emt 0:05:37]} fxe5 {[%emt 0:09:19]} 28. Bc4+ {[%emt 0:00:07]} Kh8 {[%emt 0:00:02]} 29. Ng5 {[%emt 0:00:05]} h6 {[%emt 0:00:02]} 30. Nf7+ {[%emt 0:01:47]} Kh7 {[%emt 0:00:00]} 31. R1d3 {[%emt 0:00:10]} Bc8 {[%emt 0:01:39]} 32. Bd5 {[%emt 0:01:33]} c4 {[%emt 0:07:19]} 33. Rg3 {[%emt 0:00:20]} Be6 {[%emt 0:01:44]} 34. Bxe6 {[%emt 0:01:05]} Nxe6 {[%emt 0:00:06]} 35. Rxe6 {[%emt 0:00:04]} g5 {[%emt 0:01:07]} 36. Nxh6 {[%emt 0:00:55]} Rb6 {[%emt 0:04:10]} 37. Re7 {[%emt 0:00:31]} Kxh6 {[%emt 0:00:45]} 38. h4 {[%emt 0:00:16]} Bf6 {[%emt 0:00:34]} 39. hxg5+ {[%emt 0:00:23]} Bxg5 {[%emt 0:00:01]} 40. Rxe5 {[%emt 0:00:17]} Bh4 {[%emt 0:00:08]} 0-1

[Event "Kragero Resort Chess A 2019"]
[Site "Kragero"]
[Date "2019.02.22"]
[Round "5.23"]
[White "Wedda, Dries"]
[Black "Aarnes, Eirik"]
[Result "1/2-1/2"]
[WhiteElo "2173"]
[BlackElo "1843"]
[Annotator "NA"]
[PlyCount "87"]
[EventDate "2019.02.20"]
[EventType "swiss"]
[EventCountry "NOR"]
[SourceTitle "playchess.com"]
[Source "ChessBase"]
[SourceQuality "1"]
[TimeControl "5400+30"]

1. Nf3 {[%emt 0:00:00]} d5 {[%emt 0:00:00]} 2. g3 {[%emt 0:00:08]} Nf6 {[%emt 0:00:00]} 3. Bg2 {[%emt 0:00:06]} Bf5 {[%emt 0:01:00]} 4. O-O {[%emt 0:00:22]} e6 {[%emt 0:00:18]} 5. d3 {[%emt 0:03:39]} h6 {[%emt 0:03:48]} 6. Nbd2 {[%emt 0:02:56]} Nbd7 {[%emt 0:02:35]} 7. Re1 {[%emt 0:04:19]} Bc5 {[%emt 0:04:30]} 8. h3 {[%emt 0:06:17]} O-O {[%emt 0:03:18]} 9. e4 {[%emt 0:03:26]} dxe4 {[%emt 0:00:06]} 10. dxe4 {[%emt 0:00:40]} Bh7 {[%emt 0:00:40]} 11. Qe2 {[%emt 0:06:15]} c6 {[%emt 0:01:30]} 12. b3 {[%emt 0:03:32]} Qc7 {[%emt 0:04:21]} 13. Kh2 {[%emt 0:05:00]} b5 {[%emt 0:12:21]} 14. Bb2 {[%emt 0:02:33]} Qb6 {[%emt 0:01:47]} 15. Kg1 {[%emt 0:12:43]} Nh5 {[%emt 0:08:19]} 16. Kf1 {[%emt 0:00:24]} Nhf6 {[%emt 0:04:00]} 17. Nh2 {[%emt 0:03:42]} e5 {[%emt 0:02:40]} 18. Bf3 {[%emt 0:02:30]} Rad8 {[%emt 0:02:56]} 19. Kg2 {[%emt 0:02:43]} Rfe8 {[%emt 0:00:17]} 20. Red1 {[%emt 0:08:09]} Bg6 {[%emt 0:06:50]} 21. Ndf1 {[%emt 0:04:48]} Bd4 {[%emt 0:02:08]} 22. c3 {[%emt 0:00:24]} Bc5 {[%emt 0:00:07]} 23. a3 {[%emt 0:07:40]} Nf8 {[%emt 0:00:43]} 24. Ng4 {[%emt 0:03:06]} Nxg4 {[%emt 0:00:48]} 25. Bxg4 {[%emt 0:00:08]} Qb8 {[%emt 0:06:02]} 26. h4 {[%emt 0:02:55]} Rxd1 {[%emt 0:00:58]} 27. Rxd1 {[%emt 0:00:11]} Rd8 {[%emt 0:00:05]} 28. f3 {[%emt 0:01:59]} f6 {[%emt 0:00:52]} 29. Bc1 {[%emt 0:06:41]} Bf7 {[%emt 0:00:16]} 30. Qc2 {[%emt 0:00:33]} a5 {[%emt 0:05:46]} 31. b4 {[%emt 0:01:21]} Bb6 {[%emt 0:00:26]} 32. Rxd8 {[%emt 0:02:27]} Qxd8 {[%emt 0:00:05]} 33. Qd2 {[%emt 0:00:10]} Qxd2+ {[%emt 0:01:27]} 34. Bxd2 {[%emt 0:00:18]} axb4 {[%emt 0:00:06]} 35. axb4 {[%emt 0:00:10]} Ne6 {[%emt 0:01:28]} 36. Bxe6 {[%emt 0:02:05]} Bxe6 {[%emt 0:00:07]} 37. Be3 {[%emt 0:00:07]} Bd8 {[%emt 0:03:40]} 38. Bc5 {[%emt 0:00:06]} g6 {[%emt 0:00:14]} 39. Ne3 {[%emt 0:00:35]} Kf7 {[%emt 0:01:16]} 40. Kf2 {[%emt 0:02:17]} f5 {[%emt 0:01:37]} 41. Bd6 {[%emt 0:01:04]} Kf6 {[%emt 0:00:33]} 42. Bf8 {[%emt 0:00:46]} h5 {[%emt 0:00:55]} 43. Bh6 {[%emt 0:00:53]} Bb6 {[%emt 0:00:11]} 44. Bg5+ {[%emt 0:00:10]} 1/2-1/2

[Event "Kragero Resort Chess A 2019"]
[Site "Kragero"]
[Date "2019.02.22"]
[Round "5.24"]
[White "Kazarian, Anna-Maja"]
[Black "Tenold, Andreas"]
[Result "1/2-1/2"]
[WhiteElo "2189"]
[BlackElo "1822"]
[Annotator "NA"]
[PlyCount "49"]
[EventDate "2019.02.20"]
[EventType "swiss"]
[EventCountry "NOR"]
[SourceTitle "playchess.com"]
[Source "ChessBase"]
[SourceQuality "1"]
[TimeControl "5400+30"]

1. Nf3 {[%emt 0:00:00]} e6 {[%emt 0:00:00]} 2. g3 {[%emt 0:00:58]} b6 {[%emt 0:00:27]} 3. Bg2 {[%emt 0:00:44]} Bb7 {[%emt 0:00:07]} 4. O-O {[%emt 0:02:57]} Nf6 {[%emt 0:00:18]} 5. d4 {[%emt 0:00:40]} Be7 {[%emt 0:01:01]} 6. c4 {[%emt 0:01:15]} O-O {[%emt 0:01:06]} 7. Nc3 {[%emt 0:00:27]} Ne4 {[%emt 0:00:10]} 8. Nxe4 {[%emt 0:08:35]} Bxe4 {[%emt 0:01:10]} 9. d5 {[%emt 0:02:44]} d6 {[%emt 0:11:38]} 10. Qd4 {[%emt 0:09:20]} Bxf3 {[%emt 0:02:38]} 11. Bxf3 {[%emt 0:00:09]} e5 {[%emt 0:00:21]} 12. Qd1 {[%emt 0:03:53]} f5 {[%emt 0:04:00]} 13. Bg2 {[%emt 0:03:38]} Nd7 {[%emt 0:05:44]} 14. f4 {[%emt 0:06:29]} exf4 {[%emt 0:15:09]} 15. Bxf4 {[%emt 0:02:29]} Bf6 {[%emt 0:02:29]} 16. Qc2 {[%emt 0:02:38]} Nc5 {[%emt 0:06:52]} 17. Rab1 {[%emt 0:20:29]} a5 {[%emt 0:02:48]} 18. b3 {[%emt 0:02:25]} Qe7 {[%emt 0:03:53]} 19. a3 {[%emt 0:05:29]} Rae8 {[%emt 0:06:11]} 20. b4 {[%emt 0:06:52]} axb4 {[%emt 0:01:15]} 21. axb4 {[%emt 0:00:05]} Ne4 {[%emt 0:00:59]} 22. Rbd1 {[%emt 0:14:25]} Nc3 {[%emt 0:05:37]} 23. Rde1 {[%emt 0:00:06]} Ne4 {[%emt 0:01:23]} 24. Rd1 {[%emt 0:01:14]} Nc3 {[%emt 0:02:33]} 25. Rde1 {[%emt 0:00:22]} 1/2-1/2